| 000 | 00000nam##2200000za#4500 |
| 001 | 9.668753 |
| 003 | CaOODSP |
| 005 | 20210615124358 |
| 007 | ta |
| 008 | 150407|2007||||xxc||||| f|0| 0 eng|d |
| 040 | |aCaOODSP|beng |
| 041 | |aeng |
| 041 | |afre |
| 043 | |an-cn--- |
| 086 | 1 |aH128-1/07-435 |
| 110 | 1 |aCanada. |bHealth Canada. |bHealthy Environments and Consumer Safety Branch. |
| 245 | 10|aUtility lighters are dangerous in the hands of children! |
| 260 | |aOttawa - Ontario : |bHealth Canada. |cRevised March 2007. |
| 300 | |aEnglish text, [1]p. : |bcoloured illus. ; |c28 cm. |
| 500 | |aThe catalogue number (H128-1/05-435) and ISBN (0-662-69214-4) of a previous edition (2005) have been printed in the 2007 edition. |
| 520 | 3 |aHealth Canada’s aim is to help keep the Canadian public safe by providing information that promotes safety and the safer use of consumer products. |
| 563 | |aPamphlet |
| 590 | |a07-17|b2007-04-27 |
| 690 | 07|aChild safety|2gcpds |
| 690 | 07|aFire prevention|2gcpds |
| 776 | 0#|tLes briquets à usages multiples sont dangereux pour les enfants! |w(CaOODSP)9.636426 |
| 776 | 0#|tUtility lighters are dangerous in the hands of children! |w(CaOODSP)9.692176 |
| 792 | |tLes briquets à usages multiples sont dangereux pour les enfants! |efre|w(CaOODSP)9.668754 |
| 986 | |aHC Pub. 4547 |